000 01109nam a2200253 i 4500
001 19922
003 ES-MaACL
005 20250719062531.0
007 t|
008 021031s1871 sp |||| | spa d
040 _cES-MaACL
100 1 _aAranguren, Tomás,
_922317
_d1828-1900
_eaut
245 1 0 _aApuntes sobre la reforma del sistema penitenciario de España /
_cpor Tomás Aranguren.
260 _aMadrid :
_b[s.n.],
_c1871
_f(Est. Tip. de Pedro Abienzo)
300 _a53 páginas ;
_c25 cm.
530 _aDisponible en formato digital
650 _aDerecho penitenciario-
_zEspaña.
_9176229
852 _aES-MaACL
_cSVI
_gDedicatoria autógrafa del autor
_hDonación: Francisco Lastres y Juiz
_jD-111(1)
_xEncuadernado en vol. facticio, en el lomo: Estudios penitenciarios, La reincidencia
856 _uhttps://bvpb.mcu.es/es/consulta/registro.do?id=577784
_yVersión en línea
_z(Biblioteca Virtual del Patrimonio Bibliográfico)
903 _aLastres y Juiz, Francisco,
_d1848-1918
_ednr
_970504
942 _cMONANT
_n0
999 _c19922
_d19922